Computer Methods for Mathematical Computation

Bibliographic Details
Main Authors: Forsythe, George E, Malcolm, Michael A., Moler, Cleve B.
Format: Section = Libro
Language:Undetermined
Spanish
Published: United Stated Prentice Hall 1977
Subjects:
LEADER 00683nam a2200241Ia 4500
008 240830s9999 xx 000 0 und d
020 |a 0-13-165332-6 
040 |a CEDOC FIQ-RUSB / 511 F735 
041 |a spa 
082 |a 511 F735 
100 1 |a Forsythe, George E 
100 1 |b Malcolm, Michael A. 
100 1 |c Moler, Cleve B. 
245 1 0 |a Computer Methods for Mathematical Computation 
260 |a United Stated  |b Prentice Hall  |c 1977 
300 |a 259 p.: il. 
650 7 |a ANÁLISIS NÚMERICO 
650 7 |b  CÁLCULO DEL PUNTO FLOTANTE 
650 7 |c  SISTEMAS LINEALES DE ECUACIONES 
650 7 |d  INTEGRACIÓN NUMÉRICA 
942 |c BK  |2 ddc 
991 |a TEXTO 
999 |c 13109